Normal view
MARC view
Entry Topical Term
001 - CONTROL NUMBER
- control field: 2071
003 - CONTROL NUMBER IDENTIFIER
- control field: BD-RjUL
005 - DATE AND TIME OF LATEST TRANSACTION
- control field: 20220327155216.0
008 - FIXED-LENGTH DATA ELEMENTS
- fixed length control field: 220327|| aca||aabn | a|a d
040 ## - CATALOGING SOURCE
- Original cataloging agency: BD-RjUL
- Transcribing agency: BD-RjUL
150 ## - HEADING--TOPICAL TERM
- Topical term or geographic name entry element: Islam
- General subdivision: History
- Geographic subdivision: Bangladesh
- Geographic subdivision: Noakhali District
- Chronological subdivision: Till the 20th Century A. C
670 ## - SOURCE DATA FOUND
- Source citation: Work cat.: (BD-RjUL)79327: Amin, A. F. M. Ruhul 1165, The Role of Ulama-Mashaikh and Sufi-Saints in Spreaing Islam in the District of Noakhali till the 20th Century A. C. /, 2007